<?xml version="1.0" encoding="UTF-8"?><?xml-stylesheet type="text/xsl" href="static/style.xsl"?><OAI-PMH xmlns="http://www.openarchives.org/OAI/2.0/" xmlns:xsi="http://www.w3.org/2001/XMLSchema-instance" xsi:schemaLocation="http://www.openarchives.org/OAI/2.0/ http://www.openarchives.org/OAI/2.0/OAI-PMH.xsd"><responseDate>2026-06-02T02:13:10Z</responseDate><request verb="GetRecord" identifier="oai:riuma.uma.es:10630/27503" metadataPrefix="marc">https://riuma.uma.es/rest/oai/request</request><GetRecord><record><header><identifier>oai:riuma.uma.es:10630/27503</identifier><datestamp>2026-02-03T12:28:05Z</datestamp><setSpec>com_10630_2254</setSpec><setSpec>col_10630_37959</setSpec></header><metadata><record xmlns="http://www.loc.gov/MARC21/slim" xmlns:dcterms="http://purl.org/dc/terms/" xmlns:doc="http://www.lyncode.com/xoai" xmlns:xsi="http://www.w3.org/2001/XMLSchema-instance" xsi:schemaLocation="http://www.loc.gov/MARC21/slim http://www.loc.gov/standards/marcxml/schema/MARC21slim.xsd">
   <leader>00925njm 22002777a 4500</leader>
   <datafield ind2=" " ind1=" " tag="042">
      <subfield code="a">dc</subfield>
   </datafield>
   <datafield ind2=" " ind1=" " tag="720">
      <subfield code="a">Menjíbar-Romero, Mario</subfield>
      <subfield code="e">author</subfield>
   </datafield>
   <datafield ind2=" " ind1=" " tag="720">
      <subfield code="a">Remond, Ricardo</subfield>
      <subfield code="e">author</subfield>
   </datafield>
   <datafield ind2=" " ind1=" " tag="720">
      <subfield code="a">Martínez-Murillo, Juan Francisco</subfield>
      <subfield code="e">author</subfield>
   </datafield>
   <datafield ind2=" " ind1=" " tag="260">
      <subfield code="c">2023</subfield>
   </datafield>
   <datafield ind2=" " ind1=" " tag="520">
      <subfield code="a">El Parque Natural y Geoparque Sierras Subbéticas es un espacio de gran valor por su patrimonio geológico y biológico, pero también cultural. Este trabajo realiza un análisis de la dinámica espacial y temporal de sus usos, coberturas vegetales y superficie del suelo en las unidades de paisaje de dicho espacio. Para ello, se aplican procedimientos cartográficos y de análisis de imágenes de satélites mediante Tecnologías de Información Geográfica. Como resultados principales destacan: i) el área de estudio queda dividida en cuatro unidades de paisaje; ii) estas han mostrado cambios a largo plazo semejantes a otras áreas de montaña mediterránea: abandono de cultivos y renaturalización del espacio: y iii) a corto-medio plazo, la cubierta vegetal y las condiciones superficiales de los suelos reflejan el impacto intra e inter-anual de la variabilidad climática mediterránea, además de otro de índole inducida, como el fuego. Estos resultados ofrecen la posibilidad de avanzar hacia una delimitación de áreas de diferente resiliencia frente al impacto del cambio climático, para dotar a los gestores del parque natural de información y herramientas adecuadas.</subfield>
   </datafield>
   <datafield ind1="8" ind2=" " tag="024">
      <subfield code="a">https://hdl.handle.net/10630/27503</subfield>
   </datafield>
   <datafield tag="653" ind2=" " ind1=" ">
      <subfield code="a">Parque Natural Sierras Subbéticas (Córdoba) - Geografía física</subfield>
   </datafield>
   <datafield ind2="0" ind1="0" tag="245">
      <subfield code="a">Cambios de uso y dinámica ecogeomorfológica en las unidades de paisaje del Parque Natural y Geoparque Sierras Subbéticas (provincia de Córdoba).</subfield>
   </datafield>
</record>
</metadata></record></GetRecord></OAI-PMH>